| 000 | 00440pab a2200157 454500 | ||
|---|---|---|---|
| 008 | 180718b2013 xxu||||| |||| 00| 0 eng d | ||
| 100 | _aTyagi, Dushyant | ||
| 245 | _aIs high fiscal deficit bad for growth? : An empirical evidence from India 1990 - 91 to 2009 - 10 | ||
| 260 | _c2013 | ||
| 300 | _ap.491-502 | ||
| 362 | _aApr | ||
| 650 | _aDeficit financing | ||
| 773 | _aIndian Journal of Economics | ||
| 908 | _aN | ||
| 909 | _a103206 | ||
| 999 |
_c103202 _d103202 |
||